| Поле | Инд. | ПП | Название | Значение |
|---|---|---|---|---|
| Тип записи | a | |||
| Библиографический уровень | b | |||
| 001 | Контрольный номер | RU/IS/BASE/265830182 | ||
| 005 | Дата корректировки | 20220715140331.7 | ||
| 008 | Кодируемые данные | 20080603 | ||
| 040 | b | Код языка каталог. | rus | |
| e | Правила каталог. | PSBO | ||
| 041 | 0_ | a | Код языка текста | rus |
| 084 | a | Индекс другой классификации/Индекс ББК | 60.561.3; 74.005.2(2Рос) | |
| 100 | 1_ | a | Автор | Самсонова Т. Н. |
| q | Полное имя | Самсонова Татьяна Николаевна | ||
| 245 | 10 | a | Заглавие | Проблемы гражданского образования в России |
| 504 | a | Библиография | Библиогр. ссылки. - Примеч. | |
| 650 | a | Основная рубрика | воспитание | |
| a | Основная рубрика | образование | ||
| a | Основная рубрика | педагогика | ||
| a | Основная рубрика | политическая социология | ||
| a | Основная рубрика | социология | ||
| 653 | 1_ | a | Ключевые слова | гражданское образование |
| a | Ключевые слова | гражданское общество | ||
| a | Ключевые слова | патриотизм | ||
| a | Ключевые слова | патриотическое воспитание | ||
| a | Ключевые слова | политика | ||
| a | Ключевые слова | политическая социализация | ||
| a | Ключевые слова | политическое поведение | ||
| a | Ключевые слова | правосознание (правовое сознание) | ||
| a | Ключевые слова | Россия | ||
| 773 | 08 | t | Заглавие источника | Вестник Московского университета. Серия 18, Социология и политология |
| d | Дата издания источника | 2007 | ||
| g | Прочая информация | № 4. - С. 47 - 56 | ||
| w | Контрольный № источника | RU/IS/BASE/261756947 | ||
| 901 | t | Тип документа | b |